Karibianmeren pienet valtiot - Statistics

Yleistilastot
  • Tätä visaa on pelattu 48 kertaa
  • Keskiarvotulos 7 / 8
Vastaustilastot
Hint Vastaus % Oikein
1 Antigua ja Barbuda
90%
6 Barbados
87%
4 Saint lucia
87%
5 Saint vincent ja Grenadiinit
87%
8 Grenada
84%
3 Saint kitts ja Nevis
84%
2 Dominica
81%
7 Trinidad ja Tobago
81%
Ehtoja vastaavia visoja ei löytynyt
Tulosjakauma
Jokaisen tuloksen saaneiden osuus
Persentiili vastausten määrän mukaan
Tuloshistoriasi
Et ole pelannut tätä visaa